| 000 | 00630cam a2200205 a 4500 | ||
|---|---|---|---|
| 001 | 000002363 | ||
| 003 | DO-SdBNP | ||
| 005 | 20250707092545.0 | ||
| 008 | 910724s1965 gw a 000 0 ger c | ||
| 040 |
_aDO-SdBNP _bspa _cBNPHU |
||
| 082 | 4 |
_a943 _bE57d _222 |
|
| 100 | 1 |
_aEngelmann, Bernt, _d1921- _97512 |
|
| 245 | 1 | 0 |
_aDeutsch land report / _cBernt Engelmann. |
| 260 |
_aBerlin : _bExlibris Buchhandlung GmbH-Verlang, _c1965. |
||
| 300 |
_a290 p. : _bil. ; _c21 cm. |
||
| 651 | 4 |
_aAlemania _xCaracterísticas nacionales _97513 |
|
| 651 | 4 |
_aAlemania _xHistoria _97514 |
|
| 651 | 4 |
_aAlemania _xCivilización _97515 |
|
| 942 |
_2ddc _cLBS1 |
||
| 999 |
_c2205 _d2205 |
||